Immigration to Norway by Country - Statistics

General Stats
  • This quiz has been taken 100 times
  • The average score is 14 of 20
Answer Stats
Population (2024) Country % Correct
90,000 Sweden
95%
36,000 Syria
91%
52,000 Denmark
87%
115,000 Poland
87%
23,000 Iran
85%
39,000 Pakistan
84%
21,000 Russia
84%
28,000 Germany
83%
20,000 India
82%
20,000 Turkey
82%
34,000 Iraq
79%
21,000 Afghanistan
71%
50,000 Lithuania
63%
43,000 Somalia
60%
27,000 Vietnam
60%
19,000 Romania
59%
22,000 Thailand
56%
26,000 Philippines
46%
50,000 Bosnia and Herzegovina
45%
29,000 Eritrea
40%
No matching quizzes found
Score Distribution
Percent of People with Each Score
Percentile by Number Answered
Your Score History
You have not taken this quiz